000 00512nam a2200193Ia 4500
003 OSt
005 20221007083146.0
006 a|||||r|||| 00| 0
007 ta
008 221006b |||||||| |||| 00| 0 eng d
024 _a24,053
037 _cDissertations
040 _aFLL
_cFLL
_beng
041 _2eng
_aeng
100 _aPatra Ashutosh
_9566222
245 0 _aEmergency and martial law vis-a-vis fundamental rights in India.
942 _cDIS
_2CC
999 _c1169037
_d1169037